000 00338nam a22001457a 4500
008 210426b ||||| |||| 00| 0 eng d
020 _a9781622020126
041 _aeng
080 _a61
082 _a61
100 _a3
101 _aSHM
245 _aThe Complete Official Draft Code book ICD 10 PCS
_cAnita Schmidt
942 _2udc
_cBK
999 _c56735
_d56735